Online
Catalog

Administración de salas : (Record no. 41541)

MARC details
000 -CABECERA
campo de control de longitud fija 00813nam a2200205 a 4500
001 - NÚMERO DE CONTROL
campo de control 000042052
005 - FECHA Y HORA DE LA ÚLTIMA TRANSACCIÓN
campo de control 20201002035917.0
008 - DATOS DE LONGITUD FIJA--INFORMACIÓN GENERAL
campo de control de longitud fija 131112s1972 mx a 000 0 spa d
040 ## - FUENTE DE LA CATALOGACIÓN
Centro catalogador/agencia de origen DO-SdBNP
Lengua de catalogación spa
Centro/agencia transcriptor BNPHU
082 ## - NÚMERO DE LA CLASIFICACIÓN DECIMAL DEWEY
Número de clasificación xxxx
Número de documento/Ítem A238a
240 10 - TÍTULO UNIFORME
Título uniforme Training the ward clerk by Hospital Reserach and Educational Trust.
Lenguaje de la obra Español
245 00 - MENCIÓN DE TÍTULO
Título Administración de salas :
Resto del título guía del instructor /
Mención de responsabilidad, etc. traducido al español por Ceferino Palencia, Amalia Vistrain de Morales.
260 ## - PUBLICACIÓN, DISTRIBUCIÓN, ETC.
Lugar de publicación, distribución, etc. México :
Nombre del editor, distribuidor, etc. Nueva Editorial Interamericana,
Fecha de publicación, distribución, etc. 1972.
300 ## - DESCRIPCIÓN FÍSICA
Extensión 1 v. (pág. var.) :
Otras características físicas il. ;
Dimensiones 28 cm.
490 1# - MENCIÓN DE SERIE
Mención de serie Auxiliares hospitalarios
590 ## - NOTA LOCAL (RLIN)
Nota local Inventariado, 2019 /LP
700 1# - PUNTO DE ACCESO ADICIONAL--NOMBRE DE PERSONA
Nombre de persona Palencia, Ceferino,
Término indicativo de función/relación trad.
9 (RLIN) 60517
700 1# - PUNTO DE ACCESO ADICIONAL--NOMBRE DE PERSONA
Nombre de persona Vistrain de Morales, Amalia,
Término indicativo de función/relación trad.
9 (RLIN) 62324
830 #0 - PUNTO DE ACCESO ADICIONAL DE SERIE-TÍTULO UNIFORME
Título uniforme Auxiliares hospitalarios
9 (RLIN) 69041
Holdings
Estado de retiro Estado de pérdida Restricciones de uso No para préstamo Código de colección Localización permanente Ubicación/localización actual Ubicación en estantería Fecha de adquisición Número de inventario Total de préstamos Signatura topográfica completa Código de barras Fecha visto por última vez Precio válido a partir de Tipo de ítem Koha
      Excluido de préstamo Monografías: Libros y Folletos Patrimonio Dominicano Patrimonio Dominicano Depósito 12.11.2013 LF1   xxxx A238a 42052-10 25.06.2020 25.06.2020 No se presta

Powered by Koha